| 000 | 00824nam a2200229 a 4500 | ||
|---|---|---|---|
| 001 | 000005660 | ||
| 005 | 20250401133620.0 | ||
| 008 | 090821s2008 dr 000 0 spa d | ||
| 040 |
_aDO-SdBNP _bspa _cBNPHU |
||
| 082 |
_a306.097293 _bB957d |
||
| 100 | 1 |
_aBurgos Weber, Alba E. _916005 |
|
| 245 | 1 | 0 |
_aDatos y relatos del ayer / _cAlba E. Burgos Weber. |
| 260 |
_aSanto Domingo : _bSoto Castillo, _c2008. |
||
| 300 |
_a159 p. ; _c21 cm. |
||
| 500 | _aIncluye datos biográficos del autor en la contraportada. | ||
| 500 | _aIncluye notas al pie de las páginas. | ||
| 590 | _aInventariado, 2018/MFF | ||
| 651 | 4 |
_aRepública Dominicana _xVida Social Y Costumbres _9405 |
|
| 651 | 4 |
_aRepública Dominicana _xCondiciones Sociales _xHistoria _91211 |
|
| 650 | 0 |
_aFolclore _933448 |
|
| 910 | _aValidado. Control de calidad MMOLINA | ||
| 999 |
_c5458 _d5458 |
||